Green, Yellow, Blue Flags - Statistics

General Stats
  • This quiz has been taken 15 times
  • The average score is 9 of 11
Answer Stats
Picture Answer % Correct
Ecuador
100%
Brazil
92%
South Africa
92%
Rwanda
85%
Seychelles
85%
Gabon
77%
Namibia
77%
Saint Vincent and the Grenadines
77%
Solomon Islands
77%
Central African Republic
69%
Comoros
69%
No matching quizzes found
Score Distribution
Percent of People with Each Score
Percentile by Number Answered
Your Score History
You have not taken this quiz